Media relations : (Record no. 2814)
[ view plain ]
| 000 -LEADER | |
|---|---|
| fixed length control field | 00983cam a2200325 a 4500 |
| 001 - CONTROL NUMBER | |
| control field | 6762770 |
| 003 - CONTROL NUMBER IDENTIFIER | |
| control field | OSt |
| 005 - DATE AND TIME OF LATEST TRANSACTION | |
| control field | 20170105101202.0 |
| 008 - FIXED-LENGTH DATA ELEMENTS--GENERAL INFORMATION | |
| fixed length control field | 070619s2007 at a b 001 0 eng d |
| 020 ## - INTERNATIONAL STANDARD BOOK NUMBER | |
| International Standard Book Number | 9781741146813 |
| 020 ## - INTERNATIONAL STANDARD BOOK NUMBER | |
| International Standard Book Number | 174114681X |
| 024 ## - OTHER STANDARD IDENTIFIER | |
| Standard number or code | 40015439644 |
| 035 ## - SYSTEM CONTROL NUMBER | |
| System control number | (OCoLC)ocn174087811 |
| 035 ## - SYSTEM CONTROL NUMBER | |
| System control number | (NNC)6762770 |
| 040 ## - CATALOGING SOURCE | |
| Original cataloging agency | Nz |
| Transcribing agency | Z5A |
| Modifying agency | BTCTA |
| -- | BAKER |
| -- | YDXCP |
| -- | NhCcYBP |
| 043 ## - GEOGRAPHIC AREA CODE | |
| Geographic area code | u-at--- |
| 050 #4 - LIBRARY OF CONGRESS CALL NUMBER | |
| Classification number | HM1221 |
| Item number | .J64 2007 |
| 082 04 - DEWEY DECIMAL CLASSIFICATION NUMBER | |
| Classification number | 659.20994 |
| Edition number | 22 |
| 100 1# - MAIN ENTRY--PERSONAL NAME | |
| Personal name | Johnston, Jane, |
| Dates associated with a name | 1961- |
| 245 10 - TITLE STATEMENT | |
| Title | Media relations : |
| Remainder of title | issues and strategies / |
| Statement of responsibility, etc. | Jane Johnston. |
| 260 ## - PUBLICATION, DISTRIBUTION, ETC. | |
| Place of publication, distribution, etc. | Crow's Nest, NSW : |
| Name of publisher, distributor, etc. | Allen & Unwin, |
| Date of publication, distribution, etc. | 2007. |
| 300 ## - PHYSICAL DESCRIPTION | |
| Extent | viii, 264 p. : |
| Other physical details | ill. ; |
| Dimensions | 23 cm. |
| 504 ## - BIBLIOGRAPHY, ETC. NOTE | |
| Bibliography, etc. note | Includes bibliographical references (p. 247-255) and index. |
| 650 #0 - SUBJECT ADDED ENTRY--TOPICAL TERM | |
| Topical term or geographic name entry element | Mass media |
| Geographic subdivision | Australia. |
| 650 #0 - SUBJECT ADDED ENTRY--TOPICAL TERM | |
| Topical term or geographic name entry element | Mass media and business |
| Geographic subdivision | Australia. |
| 650 #0 - SUBJECT ADDED ENTRY--TOPICAL TERM | |
| Topical term or geographic name entry element | Public relations |
| Geographic subdivision | Australia. |
| 942 ## - ADDED ENTRY ELEMENTS (KOHA) | |
| Source of classification or shelving scheme | |
| Koha item type | Book |
| 948 1# - LOCAL PROCESSING INFORMATION (OCLC); SERIES PART DESIGNATOR (RLIN) | |
| Series part designator, SPT (RLIN) | 20080724 |
| b (OCLC) | c |
| c (OCLC) | sds12 |
| d (OCLC) | MPS |
| Withdrawn status | Lost status | Source of classification or shelving scheme | Damaged status | Not for loan | Collection code | Permanent Location | Current Location | Shelving location | Date acquired | Total Checkouts | Full call number | Barcode | Date last seen | Price effective from | Koha item type |
|---|---|---|---|---|---|---|---|---|---|---|---|---|---|---|---|
| Central Library (CL) | Central Library (CL) | General Stacks | 03/18/2016 | 302.23 JOH | S3H-N-125 | 03/18/2016 | 03/18/2016 | Book | |||||||
| Central Library (CL) | Central Library (CL) | General Stacks | 03/18/2016 | 302.23 JOH | S3H-N-124 | 12/10/2019 | 03/18/2016 | Book | |||||||
| Central Library (CL) | Central Library (CL) | General Stacks | 03/18/2016 | 302.23 JOH | S3H-N-123 | 03/18/2016 | 03/18/2016 | Book |
